| 000 | 00659nam a2200217 u 4500 | ||
|---|---|---|---|
| 005 | 20231028063559.0 | ||
| 008 | 181109s2013 ag r 000 0 spa d | ||
| 020 | _a9786074111408 | ||
| 035 | _aUPN01000227712 | ||
| 049 | _aCG | ||
| 050 | 4 |
_aPQ7276.5 G4.5 _bC5.8 |
|
| 245 | 0 | 0 |
_aCiudad fantasma II : _brelato fantástico de la ciudad de México [XIX-XXI] / _cselec., pról. y notas Bernardo Esquinca. |
| 260 |
_aMéxico : _bAlmadía, _c2013. |
||
| 300 | _a267 p. | ||
| 440 | 0 | _aNarrativa | |
| 650 | 4 |
_aCuentos de fantasmas _911720 |
|
| 650 | 4 |
_aCuentos mexicanos _96937 |
|
| 700 | 1 |
_aEsquinca, Bernardo, _ecomp. |
|
| 905 | _aLibro | ||
| 999 |
_c199807 _d199807 |
||